Really Hard Basketball Quiz - Statistics

General Stats
  • This quiz has been taken 72 times
  • The average score is 4 of 15
Answer Stats
Question Answer % Correct
What two players on the 2008-09 Cleveland Cavaliers were all-stars that year? Lebron James
92%
What NBA player was traded for Jeremy Lamb, Kevin Martin, and 3 draft picks? James Harden
46%
Which University of Indiana alumni has the most NBA assists and steals? Isiah Thomas
40%
What two players on the 2008-09 Cleveland Cavaliers were all-stars that year? Mo Williams
40%
What city was former NBA player Ha Seung-jin from? Seoul
33%
Who are the only three players in NBA history who played at least 10 years and played them all with the Rockets? (Name one) Calvin Murphy, Rudy Tomjanovich, Allen Leavell
27%
What big man who won a championship with the Pistons in 1989 is now a radio analyst for the team? Rick Mahorn
25%
What Timberwolf scored 50 points in a game during the 2013-14 NBA season? Corey Brewer
24%
Out of all current Lithuanian players, which has scored the most points? Jonas Valanciunas
19%
What 1960’s and 1970’s NBA player played most notably for the Knicks and Royals? Jerry Lucas
17%
Who is the all-time leading scorer of the WNBA? Diana Taurasi
14%
Who is the highest scoring Canadian-born NBA player of all time? Rick Fox
5%
Who is the most recent NBA player from Tunisia? Salah Mejri
5%
What player has the most MVP’s in the Chinese Basketball Association? Yi Jianlian
5%
What player who missed an entire season because of a back injury was drafted 8th overall in 2003? T.J. Ford
3%
No matching quizzes found
Score Distribution
Percent of People with Each Score
Percentile by Number Answered
Your Score History
You have not taken this quiz